[Event "C.to Mondiale U20"]
[Site "Pune IND"]
[Date "2014.10.15"]
[Round "9"]
[White "Codenotti, Marco"]
[Black "Bajarani, Ulvi"]
[WhiteElo "2357"]
[BlackElo "2496"]
[Result "1/2-1/2"]
[PlyCount "61"]
[EventDate "2014.10.06"]

1. d4 Nf6 2. c4 e6 3. Nc3 Bb4 4. e3 O-O 5. Nge2 d5 6. a3 Bd6 7. Ng3 c5 8. dxc5
Bxc5 9. b4 Be7 10. cxd5 exd5 11. Bd3 Nc6 12. Nce2 Ne5 13. Bb2 Nc4 14. Bd4 a5
15. O-O axb4 16. axb4 Rxa1 17. Qxa1 Nd2 18. Rd1 Nb3 19. Qb2 Nxd4 20. Qxd4 Bg4
21. h3 Bxe2 22. Bxe2 g6 23. e4 Nxe4 24. Nxe4 dxe4 25. Qxe4 Qc7 26. Bf3 b6 27.
g3 Rb8 28. Kg2 Bf8 29. h4 Rc8 30. b5 Rd8 31. Rxd8 1/2-1/2

[Event "C.to Mondiale U20"]
[Site "Pune IND"]
[Date "2014.10.16"]
[Round "10"]
[White "Narayanan, Srinath"]
[Black "Codenotti, Marco"]
[WhiteElo "2443"]
[BlackElo "2357"]
[Result "1/2-1/2"]
[PlyCount "60"]
[EventDate "2014.10.06"]

1. e4 e5 2. Nf3 Nc6 3. d4 exd4 4. Nxd4 Nf6 5. Nc3 Bb4 6. Nxc6 bxc6 7. Bd3 d5 8.
exd5 cxd5 9. O-O O-O 10. h3 c5 11. Qf3 Be6 12. Rd1 Bxc3 13. bxc3 Qa5 14. Bg5
Ne4 15. Bxe4 dxe4 16. Qe3 Rfe8 17. Qg3 Kh8 18. Rd6 Rab8 19. a3 Qa4 20. Bf4 Qxc2
21. Kh2 Rbd8 22. Rad1 Qxd1 23. Rxd1 Rxd1 24. Be3 Rc8 25. Qe5 Rd5 26. Qxe4 h6
27. Qa4 Rd3 28. Qa5 Kh7 29. Bf4 Kg8 30. Be3 Kh7 1/2-1/2

[Event "C.to Mondiale U20"]
[Site "Pune IND"]
[Date "2014.10.17"]
[Round "11"]
[White "Codenotti, Marco"]
[Black "Abasov, Nijat Azad Oglu"]
[WhiteElo "2357"]
[BlackElo "2528"]
[Result "1/2-1/2"]
[PlyCount "111"]
[EventDate "2014.10.06"]

1. d4 Nf6 2. c4 e5 3. dxe5 Ng4 4. Nf3 Bc5 5. e3 Nc6 6. Be2 O-O 7. O-O Ngxe5 8.
Nc3 a5 9. b3 Nxf3+ 10. Bxf3 Ne5 11. Be2 Re8 12. Bb2 Ra6 13. Nd5 Rh6 14. f4 Nc6
15. Rf3 d6 16. Rg3 Rg6 17. Bd3 Rxg3 18. hxg3 Nb4 19. Bd4 Bxd4 20. exd4 Nxd5 21.
cxd5 Qf6 22. Bc2 Bg4 23. Qd3 g6 24. Rc1 Re7 25. Bd1 Bf5 26. Qd2 Be4 27. Bf3
Bxf3 28. gxf3 Qf5 29. Kg2 Qxd5 30. g4 h5 31. gxh5 Qxh5 32. d5 Qf5 33. Rh1 Kg7
34. Kg3 g5 35. fxg5 Kg8 36. Qxa5 Qxg5+ 37. Kf2 Qe3+ 38. Kg3 Kg7 39. Rh4 Re5 40.
Qxc7 Qe1+ 41. Kh3 Qh1+ 42. Kg3 Qg1+ 43. Kh3 Qf1+ 44. Kg3 Qe1+ 45. Kh3 Qh1+ 46.
Kg3 Rg5+ 47. Rg4 Qg1+ 48. Kh3 Qh1+ 49. Kg3 Qg1+ 50. Kh3 Rxg4 51. fxg4 Qh1+ 52.
Kg3 Qg1+ 53. Kf3 Qd1+ 54. Ke3 Qxd5 55. Qc3+ f6 56. Qd4 1/2-1/2

[Event "C.to Mondiale U20"]
[Site "Pune IND"]
[Date "2014.10.18"]
[Round "12"]
[White "Grover, Sahaj"]
[Black "Codenotti, Marco"]
[WhiteElo "2491"]
[BlackElo "2357"]
[Result "1-0"]
[PlyCount "65"]
[EventDate "2014.10.06"]

1. d4 d5 2. c4 c6 3. Nf3 Nf6 4. Nc3 dxc4 5. a4 a5 6. e4 Bg4 7. Bxc4 e6 8. Qd3
Nbd7 9. O-O Qc7 10. Ne2 Bxf3 11. Qxf3 e5 12. Qb3 O-O-O 13. dxe5 Nxe5 14. Ng3
Bd6 15. Be2 Ng6 16. Be3 Bb4 17. Rfc1 h5 18. Rc4 Ne5 19. Rxb4 axb4 20. Qxb4 Neg4
21. Bb6 Qf4 22. Qa5 h4 23. Nf1 Rde8 24. h3 Nh6 25. f3 Nd7 26. Be3 Qe5 27. Qb4
f5 28. a5 Nb8 29. a6 Nxa6 30. Bxa6 bxa6 31. Rxa6 Qb5 32. Qa3 fxe4 33. Rb6 1-0

[Event "C.to Mondiale U20"]
[Site "Pune IND"]
[Date "2014.10.19"]
[Round "13"]
[White "Codenotti, Marco"]
[Black "Vignesh, Narayanan Rajeswari"]
[WhiteElo "2357"]
[BlackElo "2388"]
[Result "1/2-1/2"]
[PlyCount "86"]
[EventDate "2014.10.06"]

1. e4 c5 2. Nf3 d6 3. d4 cxd4 4. Nxd4 Nf6 5. Nc3 a6 6. Be3 e5 7. Nf3 Qc7 8. a4
Be7 9. Be2 O-O 10. O-O b6 11. Bg5 Be6 12. Bxf6 Bxf6 13. Nd5 Bxd5 14. Qxd5 Nd7
15. Bc4 b5 16. Bb3 Nb6 17. Qd3 bxa4 18. Bxa4 Rfd8 19. Bb3 a5 20. Rfd1 a4 21.
Ba2 Ra5 22. g3 Rc5 23. Rac1 Nc4 24. Bxc4 Rxc4 25. c3 d5 26. Nd2 Rc5 27. Qc2 Bg5
28. h4 Bh6 29. Ra1 d4 30. Nf3 Rb8 31. Qxa4 dxc3 32. bxc3 Rxc3 33. Kg2 Rc4 34.
Qa8 g6 35. Rd7 Qxd7 36. Qxb8+ Rc8 37. Rd1 Rxb8 38. Rxd7 Bg7 39. Rd5 f6 40. h5
Rb4 41. Rd8+ Kf7 42. Rd7+ Kg8 43. Rd8+ Kf7 1/2-1/2

[Event "C.to Mondiale U20 femminile"]
[Site "Pune IND"]
[Date "2014.10.06"]
[Round "1"]
[White "Ananya, Suresh"]
[Black "Gueci, Tea"]
[WhiteElo "1853"]
[BlackElo "2099"]
[Result "1/2-1/2"]
[PlyCount "98"]
[EventDate "2014.10.06"]

1. e4 g6 2. d4 Bg7 3. Nc3 d6 4. f4 Nf6 5. Nf3 O-O 6. h3 c5 7. d5 Nh5 8. Ne2 b5
9. c3 Bb7 10. Qc2 Nf6 11. Ng3 Qb6 12. Be3 a5 13. Be2 Na6 14. O-O a4 15. Nd2 Nd7
16. Rad1 Qa5 17. a3 Nc7 18. Rfe1 Rab8 19. Rb1 Ba6 20. Bg4 Nf6 21. Bf3 Rfd8 22.
Ne2 Nd7 23. Rec1 Na8 24. Kh1 Qc7 25. c4 bxc4 26. Qxa4 Bb5 27. Qc2 Qa5 28. Nc3
Ba6 29. Be2 Nab6 30. Nd1 Qa4 31. Qxa4 Nxa4 32. Bxc4 Bxc4 33. Nxc4 Rb3 34. Na5
Rd3 35. Nc6 Re8 36. Bg1 e6 37. b3 Nab6 38. dxe6 Rxe6 39. Nf2 Rd2 40. Rd1 Ra2
41. a4 Bc3 42. Rd3 Bd2 43. g3 c4 44. bxc4 Nxc4 45. f5 Re8 46. a5 Bxa5 47. Nxa5
Rxa5 48. Rb4 Nde5 49. Rd4 Rc8 1/2-1/2

[Event "C.to Mondiale U20 femminile"]
[Site "Pune IND"]
[Date "2014.10.06"]
[Round "1"]
[White "Brunello, Marina"]
[Black "Afraoui, Solenn"]
[WhiteElo "2275"]
[BlackElo "1989"]
[Result "1-0"]
[PlyCount "87"]
[EventDate "2014.10.06"]

1. e4 c5 2. Nf3 d6 3. d4 cxd4 4. Nxd4 Nf6 5. Nc3 g6 6. Be3 Bg7 7. f3 O-O 8. Qd2
Nc6 9. O-O-O d5 10. Kb1 Nxd4 11. e5 Nf5 12. exf6 Bxf6 13. Nxd5 Qxd5 14. Qxd5
Nxe3 15. Qd3 Nxd1 16. Qxd1 Be6 17. Bb5 Rac8 18. Ba4 Rfd8 19. Qe2 Rd4 20. Bb3
Bxb3 21. axb3 Rcd8 22. Qe3 a5 23. f4 b5 24. g4 R8d7 25. Qf3 R4d5 26. h4 a4 27.
Ka2 a3 28. bxa3 Rd2 29. Rc1 Rc7 30. Qe4 Bc3 31. Qa8+ Kg7 32. Qb8 Rc5 33. b4 Rc4
34. h5 h6 35. Qxb5 Rxf4 36. Qc6 Bf6 37. hxg6 fxg6 38. b5 Rd6 39. Qc7 Rdd4 40.
b6 Rc4 41. Qd7 Rfd4 42. Qb5 Bg5 43. c3 Re4 44. Qxg5 1-0

[Event "C.to Mondiale U20 femminile"]
[Site "Pune IND"]
[Date "2014.10.07"]
[Round "2"]
[White "Gueci, Tea"]
[Black "Chitlange, Sakshi"]
[WhiteElo "2099"]
[BlackElo "1827"]
[Result "0-1"]
[PlyCount "56"]
[EventDate "2014.10.06"]

1. e4 c6 2. d4 d5 3. exd5 cxd5 4. c4 Nf6 5. Nc3 e6 6. Nf3 Be7 7. Bd3 O-O 8. O-O
dxc4 9. Bxc4 Nc6 10. Re1 a6 11. Bb3 Na5 12. Bc2 b5 13. Qd3 Bb7 14. Ng5 g6 15.
a3 Rc8 16. h4 Rc4 17. Be3 Qc7 18. Bd1 Rd8 19. h5 e5 20. hxg6 hxg6 21. Ne2 e4
22. Qd2 Ng4 23. Ng3 Bxg5 24. Bxg5 Rdxd4 25. Qf4 e3 26. fxe3 Rxf4 27. Bxf4 Rxf4
28. exf4 Qc5+ 0-1

[Event "C.to Mondiale U20 femminile"]
[Site "Pune IND"]
[Date "2014.10.07"]
[Round "2"]
[White "Mahalakshmi, M."]
[Black "Brunello, Marina"]
[WhiteElo "2083"]
[BlackElo "2275"]
[Result "1/2-1/2"]
[PlyCount "209"]
[EventDate "2014.10.06"]

1. d4 d5 2. c4 c6 3. Nc3 Nf6 4. Nf3 e6 5. e3 Nbd7 6. Qc2 Bd6 7. g4 Nxg4 8. Rg1
Nxh2 9. Nxh2 Bxh2 10. Rxg7 Nf8 11. Rg2 Bd6 12. e4 Ng6 13. Bg5 Be7 14. Bxe7 Qxe7
15. O-O-O dxe4 16. Nxe4 f5 17. Nd2 c5 18. dxc5 Bd7 19. b4 O-O-O 20. Rg3 Rhg8
21. Ra3 Kb8 22. Bg2 Ne5 23. Bh1 Rg4 24. Qc3 Qg7 25. b5 Be8 26. Kc2 Nxc4 27.
Nxc4 Qxc3+ 28. Rxc3 Rxd1 29. Kxd1 Rg1+ 30. Kc2 Rxh1 31. Nd6 Bd7 32. c6 bxc6 33.
bxc6 Bxc6 34. Rxc6 a5 35. Kd2 Ra1 36. Rc2 h5 37. Ke2 h4 38. Kf3 Rg1 39. Rc4 Rd1
40. Nf7 h3 41. Kg3 Rd2 42. Ra4 h2 43. Kxh2 Rxf2+ 44. Kg3 Rc2 45. Rxa5 Kc7 46.
Kf4 Kb6 47. Ra8 Re2 48. Ng5 Kb5 49. Kf3 Re1 50. Kf2 Re5 51. Re8 Kc4 52. Nxe6
Kc3 53. a3 Kb2 54. a4 Ka3 55. Kf3 Kxa4 56. Kf4 Rd5 57. Ng7 Kb4 58. Nxf5 Rd1 59.
Ne3 Rh1 60. Ke4 Kc5 61. Re5+ Kc6 62. Rg5 Rh4+ 63. Ng4 Kd6 64. Kd4 Ke6 65. Re5+
Kd6 66. Re4 Rh1 67. Ne3 Kc6 68. Re6+ Kd7 69. Ra6 Re1 70. Nf5 Rd1+ 71. Ke5 Kc7
72. Nd4 Rh1 73. Rf6 Rh5+ 74. Nf5 Kd7 75. Kd5 Kc7 76. Kc5 Kd7 77. Kd5 Kc7 78.
Ke4 Rh1 79. Ke5 Rh5 80. Kd5 Rg5 81. Kc5 Kd7 82. Kd5 Kc7 83. Ke5 Kd7 84. Kf4 Rg1
85. Ne3 Rh1 86. Ra6 Rh4+ 87. Ng4 Kc7 88. Kf5 Rh1 89. Ne5 Rh5+ 90. Ke4 Rh1 91.
Rc6+ Kb7 92. Rc3 Kb6 93. Kd5 Rd1+ 94. Nd3 Rd2 95. Kd6 Kb5 96. Kd5 Kb6 97. Ke4
Rh2 98. Kd4 Rd2 99. Kd5 Rd1 100. Kd6 Kb5 101. Rc5+ Ka4 102. Rd5 Kb3 103. Nc5+
Kc2 104. Rxd1 Kxd1 105. Kd5 1/2-1/2

[Event "C.to Mondiale U20 femminile"]
[Site "Pune IND"]
[Date "2014.10.08"]
[Round "3"]
[White "Brunello, Marina"]
[Black "Munoz, Claudia"]
[WhiteElo "2275"]
[BlackElo "1906"]
[Result "1/2-1/2"]
[PlyCount "62"]
[EventDate "2014.10.06"]

1. e4 e6 2. d4 d5 3. Nd2 Nf6 4. e5 Nfd7 5. Bd3 c5 6. c3 Nc6 7. Ne2 cxd4 8. cxd4
Qb6 9. Nf3 Bb4+ 10. Bd2 f6 11. exf6 Nxf6 12. Bxb4 Qxb4+ 13. Qd2 Qxd2+ 14. Nxd2
Nb4 15. Bb1 Bd7 16. a3 Nc6 17. O-O O-O 18. Nb3 b6 19. Bc2 a5 20. Rac1 a4 21.
Nd2 Na5 22. Bd3 Rfc8 23. h4 b5 24. Rxc8+ Rxc8 25. Nc3 Rb8 26. Nf3 b4 27. axb4
Rxb4 28. Ra1 Nb3 29. Rd1 Na5 30. Ra1 Nb3 31. Rd1 Na5 1/2-1/2

[Event "C.to Mondiale U20 femminile"]
[Site "Pune IND"]
[Date "2014.10.08"]
[Round "3"]
[White "Vantika, Agrawal"]
[Black "Gueci, Tea"]
[WhiteElo "1881"]
[BlackElo "2099"]
[Result "1-0"]
[PlyCount "111"]
[EventDate "2014.10.06"]

1. d4 Nf6 2. Nf3 c5 3. d5 b5 4. Bg5 Ne4 5. Bh4 Bb7 6. e3 Qa5+ 7. c3 g6 8. Qd3
f5 9. Nbd2 Nxd2 10. Qxd2 Bg7 11. Be2 h6 12. O-O g5 13. Bg3 d6 14. Rfd1 O-O 15.
Qc2 Qb6 16. Rab1 b4 17. Bd3 b3 18. axb3 Bxd5 19. b4 Be6 20. bxc5 dxc5 21. b4 c4
22. Be2 Bf7 23. Ne5 Bxe5 24. Bxe5 Nc6 25. Qxf5 Nxe5 26. Qxe5 Qf6 27. Qxf6 exf6
28. Rd4 Rfc8 29. Ra1 Rc7 30. Ra6 Kg7 31. Rdd6 f5 32. Rxh6 Rd8 33. Rhd6 Rcd7 34.
Rxd7 Rxd7 35. g3 Rd2 36. Bf3 g4 37. Ba8 Rd7 38. Kg2 Rd8 39. Bc6 Rc8 40. Kf1 Rc7
41. Ke2 Kf8 42. Bg2 Ke7 43. e4 Be6 44. exf5 Bxf5 45. Ke3 Bc8 46. Rc6 Rxc6 47.
Bxc6 Kd6 48. Bb5 Kd5 49. Kf4 Be6 50. Be8 a6 51. Bh5 Kc6 52. Bxg4 Bf7 53. h4 Kb5
54. Ke3 Ka4 55. h5 Kb3 56. Ke4 1-0

[Event "C.to Mondiale U20 femminile"]
[Site "Pune IND"]
[Date "2014.10.09"]
[Round "4"]
[White "Gueci, Tea"]
[Black "Caballero Quijano, Mitzy Mishell"]
[WhiteElo "2099"]
[BlackElo "1961"]
[Result "1-0"]
[PlyCount "97"]
[EventDate "2014.10.06"]

1. e4 e6 2. d4 d5 3. Nd2 c5 4. exd5 exd5 5. Ngf3 Nf6 6. Bb5+ Bd7 7. Bxd7+ Nbxd7
8. O-O Be7 9. c3 O-O 10. dxc5 Nxc5 11. Nb3 Nce4 12. h3 Re8 13. Be3 Qd7 14. Bd4
Bd6 15. Re1 b6 16. Qc2 Nh5 17. Nbd2 f5 18. Qb3 Kh8 19. Nf1 Rad8 20. Rad1 Qf7
21. Be3 Nf4 22. Bxf4 Bxf4 23. Qb5 g6 24. Nd4 Kg7 25. a4 Bd6 26. Ne3 Bc5 27. Qd3
f4 28. Nec2 f3 29. Qxf3 Qd7 30. Qg4 Qxa4 31. Ra1 Qd7 32. Qd1 a5 33. Qd3 Qf7 34.
f3 Nf6 35. b4 axb4 36. cxb4 Bxd4+ 37. Qxd4 Qc7 38. Ne3 Kf7 39. Ra6 Rd6 40. Rea1
Re7 41. Ra8 Qc6 42. Ng4 Nxg4 43. hxg4 Qc4 44. Qh8 Qxb4 45. Rf8+ Ke6 46. Qf6+
Kd7 47. Ra7+ Kc6 48. Qxe7 Qd4+ 49. Kh2 1-0

[Event "C.to Mondiale U20 femminile"]
[Site "Pune IND"]
[Date "2014.10.09"]
[Round "4"]
[White "Saranya, J."]
[Black "Brunello, Marina"]
[WhiteElo "2107"]
[BlackElo "2275"]
[Result "1/2-1/2"]
[PlyCount "95"]
[EventDate "2014.10.06"]

1. e4 c5 2. Nf3 d6 3. Bb5+ Nd7 4. O-O a6 5. Bd3 Ngf6 6. c4 g6 7. b3 Bg7 8. Bb2
O-O 9. Nc3 Nh5 10. Bc2 Ne5 11. Ne1 Nc6 12. Rb1 Nd4 13. Ne2 Nxe2+ 14. Qxe2 Bxb2
15. Rxb2 e5 16. Nd3 Qh4 17. g3 Qf6 18. b4 b6 19. bxc5 bxc5 20. Rb6 Qd8 21. Rfb1
Ng7 22. Ne1 Ra7 23. Qd3 Ne8 24. Ba4 Bd7 25. Rb8 Qc7 26. Bxd7 Qxd7 27. Nc2 Nf6
28. R1b6 Rxb8 29. Rxb8+ Kg7 30. Rb6 Ne8 31. Ne3 Qa4 32. a3 Re7 33. Nd5 Re6 34.
Qb3 Qa5 35. Nc3 Rf6 36. Nd5 Re6 37. Nc3 Rf6 38. Kg2 Nc7 39. Rb7 Ne6 40. Nd5
Rxf2+ 41. Kxf2 Qxd2+ 42. Kf1 Qc1+ 43. Kf2 Qd2+ 44. Kf1 Qc1+ 45. Kg2 Qd2+ 46.
Kg1 Qe1+ 47. Kg2 Qd2+ 48. Kg1 1/2-1/2

[Event "C.to Mondiale U20 femminile"]
[Site "Pune IND"]
[Date "2014.10.10"]
[Round "5"]
[White "Brunello, Marina"]
[Black "Monpeurt, Cyrielle"]
[WhiteElo "2275"]
[BlackElo "2115"]
[Result "1-0"]
[PlyCount "43"]
[EventDate "2014.10.06"]

1. e4 d5 2. exd5 Nf6 3. d4 Bg4 4. Nf3 Qxd5 5. Be2 e6 6. O-O Nc6 7. c4 Qd7 8.
Be3 O-O-O 9. Nbd2 g5 10. Ne5 Bxe2 11. Qxe2 Qe8 12. Nxc6 Qxc6 13. Bxg5 Rg8 14.
Nf3 Bg7 15. Ne5 Qe8 16. Qf3 Nd7 17. Bxd8 Qxd8 18. Qxf7 Bxe5 19. dxe5 Qg5 20. g3
Nxe5 21. Qxe6+ Kb8 22. f4 1-0

[Event "C.to Mondiale U20 femminile"]
[Site "Pune IND"]
[Date "2014.10.10"]
[Round "5"]
[White "Krumova, Ani"]
[Black "Gueci, Tea"]
[WhiteElo "1998"]
[BlackElo "2099"]
[Result "1/2-1/2"]
[PlyCount "66"]
[EventDate "2014.10.06"]

1. e4 c5 2. Nc3 a6 3. g3 b5 4. Bg2 Bb7 5. f4 Nc6 6. Nf3 e6 7. O-O Qb6 8. Kh1
Nge7 9. d3 Nd4 10. Nxd4 cxd4 11. Ne2 Nc6 12. c3 Bc5 13. Bd2 a5 14. Rc1 b4 15.
Be1 O-O 16. cxd4 Bxd4 17. Nxd4 Qxd4 18. Qd2 b3 19. Rc4 bxa2 20. Rxd4 a1=Q 21.
Rxd7 Ba6 22. Qf2 Qa4 23. Bc3 Rfd8 24. Rc7 Bxd3 25. Re1 Nd4 26. b3 Nxb3 27. f5
Qe8 28. Qb2 Rab8 29. Bxg7 Nd4 30. Qd2 Kxg7 31. Qg5+ Kh8 32. Qf6+ Kg8 33. Qg5+
Kh8 1/2-1/2

[Event "C.to Mondiale U20 femminile"]
[Site "Pune IND"]
[Date "2014.10.11"]
[Round "6"]
[White "Gueci, Tea"]
[Black "Fransson, Angelina"]
[WhiteElo "2099"]
[BlackElo "2019"]
[Result "1-0"]
[PlyCount "73"]
[EventDate "2014.10.06"]

1. e4 c5 2. Nf3 d6 3. d4 cxd4 4. Nxd4 Nf6 5. Nc3 e6 6. Be3 a6 7. f3 b5 8. Qd2
Nbd7 9. g4 Nb6 10. a4 Nc4 11. Bxc4 bxc4 12. a5 Bb7 13. Na4 Nd7 14. O-O-O d5 15.
g5 Rc8 16. exd5 Bxd5 17. Qc3 Qc7 18. Rhf1 Qb7 19. Nb6 Nxb6 20. axb6 Rg8 21.
Rfe1 Be7 22. f4 g6 23. h4 Kf8 24. Bg1 a5 25. Qxa5 c3 26. bxc3 Ra8 27. Qb5 Ra6
28. f5 Rxb6 29. Nxe6+ fxe6 30. Bxb6 gxf5 31. c4 Bc6 32. Qb3 Kf7 33. Re5 Be4 34.
c5 Qc6 35. Rf1 h6 36. Qc4 Rg6 37. Rxe4 1-0

[Event "C.to Mondiale U20 femminile"]
[Site "Pune IND"]
[Date "2014.10.11"]
[Round "6"]
[White "Monnisha, Gajendra"]
[Black "Brunello, Marina"]
[WhiteElo "2069"]
[BlackElo "2275"]
[Result "1/2-1/2"]
[PlyCount "111"]
[EventDate "2014.10.06"]

1. e4 c5 2. Nf3 d6 3. d4 cxd4 4. Nxd4 Nf6 5. Nc3 a6 6. Be3 e5 7. Nb3 Be7 8. f3
Be6 9. Qd2 O-O 10. O-O-O a5 11. a4 Nc6 12. g4 Nb4 13. Kb1 Nd7 14. Bb5 Qb8 15.
g5 Qc8 16. h4 f5 17. gxf6 Nxf6 18. Bg5 Kh8 19. Rhg1 Qc7 20. f4 Rad8 21. f5 Bg8
22. Qg2 Nh5 23. Qg4 Bf7 24. Bxe7 Qxe7 25. Nxa5 Rg8 26. Bc4 Nf6 27. Qg5 Rc8 28.
Bxf7 Qxf7 29. Nb3 Rc6 30. Qe3 Rgc8 31. Rg2 d5 32. exd5 Rxc3 33. bxc3 Nbxd5 34.
Rxd5 Nxd5 35. Qxe5 Nxc3+ 36. Kc1 Nxa4 37. h5 Qf6 38. Qxf6 gxf6 39. h6 Nc3 40.
Rg7 b5 41. Nd4 b4 42. Rb7 Kg8 43. Rg7+ Kh8 44. Rf7 Kg8 45. Rd7 Re8 46. Ne6 Ne2+
47. Kd2 Nc3 48. Nd8 Ne4+ 49. Kc1 Ng5 50. Nc6 Re4 51. Ne7+ Kf8 52. Nd5 Rh4 53.
Rd8+ Kf7 54. Rd7+ Kf8 55. Rd8+ Kf7 56. Rd7+ 1/2-1/2

[Event "C.to Mondiale U20 femminile"]
[Site "Pune IND"]
[Date "2014.10.12"]
[Round "7"]
[White "Brunello, Marina"]
[Black "Pratyusha, Bodda"]
[WhiteElo "2275"]
[BlackElo "2078"]
[Result "1-0"]
[PlyCount "153"]
[EventDate "2014.10.06"]

1. e4 e5 2. Nf3 Nc6 3. d4 exd4 4. Nxd4 Nf6 5. Nc3 Bb4 6. Nxc6 bxc6 7. Bd3 O-O
8. O-O Re8 9. Re1 d6 10. h3 Nd7 11. Be3 Qh4 12. Qg4 Qxg4 13. hxg4 Bc5 14. g5
Rb8 15. Rab1 Bxe3 16. Rxe3 Nc5 17. f4 a5 18. Kf2 Ba6 19. Bxa6 Nxa6 20. a3 Nc5
21. b3 Ne6 22. Ne2 a4 23. b4 c5 24. c3 cxb4 25. Rxb4 Rxb4 26. cxb4 c5 27. bxc5
dxc5 28. Rc3 Kf8 29. Ke3 Rb8 30. f5 Nxg5 31. Rxc5 Rb3+ 32. Rc3 Rb2 33. Rc4 Rb3+
34. Kf4 f6 35. Rxa4 Rb2 36. Ke3 Rb3+ 37. Kd4 Rb2 38. Nf4 Rd2+ 39. Ke3 Rd1 40.
Rb4 Re1+ 41. Ne2 Ra1 42. a4 Ke7 43. Nc3 Kd6 44. Kd4 Kc6 45. Rc4+ Kb6 46. Kd5
Rg1 47. Rb4+ Ka6 48. Rb2 Rc1 49. Kd4 Nf7 50. Na2 Rd1+ 51. Kc5 Ne5 52. Rb6+ Ka7
53. Re6 Rd7 54. Nc3 Rc7+ 55. Kb4 Nd3+ 56. Kb3 Nc5+ 57. Kb4 Nd3+ 58. Kb3 Nc5+
59. Kb4 Nxe6 60. fxe6 Re7 61. Nb5+ Kb7 62. Nd4 h5 63. Kc5 Kc7 64. a5 g5 65. a6
h4 66. Nb5+ Kb8 67. Kd6 Re8 68. Kd7 Rh8 69. e7 g4 70. Nd4 h3 71. gxh3 gxh3 72.
Nf3 Ka7 73. e8=Q Rxe8 74. Kxe8 Kxa6 75. Ke7 Kb7 76. Kxf6 Kc7 77. e5 1-0

[Event "C.to Mondiale U20 femminile"]
[Site "Pune IND"]
[Date "2014.10.12"]
[Round "7"]
[White "Hilmi, Parveen"]
[Black "Gueci, Tea"]
[WhiteElo "1757"]
[BlackElo "2099"]
[Result "0-1"]
[PlyCount "62"]
[EventDate "2014.10.06"]

1. e4 g6 2. d4 Bg7 3. Nc3 c6 4. f4 d5 5. e5 Nh6 6. Nf3 f6 7. Bd3 Bg4 8. h3 Bxf3
9. Qxf3 O-O 10. Qd1 fxe5 11. dxe5 Qb6 12. Rf1 Nd7 13. g4 e6 14. h4 c5 15. Be2
c4 16. Nxd5 Qa5+ 17. Nc3 Nxe5 18. fxe5 Qxe5 19. Bg5 Qg3+ 20. Kd2 Rfd8+ 21. Bxd8
Rxd8+ 22. Bd3 Nxg4 23. Qf3 Bh6+ 24. Kd1 Ne3+ 25. Ke2 cxd3+ 26. cxd3 Nxf1 27.
Rxf1 Qxf3+ 28. Rxf3 Bg7 29. Rf4 Rc8 30. Kd2 Bh6 31. Ke3 e5 0-1

[Event "C.to Mondiale U20 femminile"]
[Site "Pune IND"]
[Date "2014.10.14"]
[Round "8"]
[White "Brunello, Marina"]
[Black "Chumpitaz, Ann"]
[WhiteElo "2275"]
[BlackElo "2201"]
[Result "0-1"]
[PlyCount "88"]
[EventDate "2014.10.06"]

1. e4 c5 2. Nf3 e6 3. c3 Nf6 4. e5 Nd5 5. Bc4 d6 6. d4 cxd4 7. cxd4 Be7 8. O-O
O-O 9. Re1 dxe5 10. Nxe5 b6 11. Bxd5 Qxd5 12. Nc3 Qb7 13. Qg4 f6 14. Bh6 Bb4
15. Nd3 Bxc3 16. bxc3 e5 17. Qg3 Kh8 18. Bd2 e4 19. Nf4 Bf5 20. Nh5 Bg6 21. Nf4
Bf5 22. h4 Nc6 23. Be3 Rfd8 24. Rab1 Rac8 25. Rb5 Ne7 26. Rc1 Rc4 27. h5 Qc6
28. Rb3 Rc8 29. Qh4 Nd5 30. Nxd5 Qxd5 31. Bd2 Bd7 32. Re1 Re8 33. Re3 Ra4 34.
Rg3 Rf8 35. c4 Rxc4 36. Be3 Rc2 37. Ra3 a5 38. Rb3 b5 39. h6 g5 40. Bxg5 fxg5
41. Rxg5 Qd6 42. Rbg3 Rc1+ 43. Kh2 Bf5 44. Rg7 Rc6 0-1

[Event "C.to Mondiale U20 femminile"]
[Site "Pune IND"]
[Date "2014.10.14"]
[Round "8"]
[White "Gueci, Tea"]
[Black "Tarini, Goyal"]
[WhiteElo "2099"]
[BlackElo "1868"]
[Result "1-0"]
[PlyCount "113"]
[EventDate "2014.10.06"]

1. e4 c5 2. Nf3 Nc6 3. d4 cxd4 4. Nxd4 g6 5. Nc3 Bg7 6. Be3 Nf6 7. Bc4 Qa5 8.
O-O O-O 9. Bb3 d6 10. h3 Bd7 11. Re1 Rfe8 12. Qe2 Rac8 13. Rad1 Nxd4 14. Bxd4
Bc6 15. f3 Nd7 16. Qc4 Bxd4+ 17. Qxd4 Qc5 18. Qxc5 Nxc5 19. Bd5 Kf8 20. Re2 Rc7
21. Kf2 Na4 22. Nxa4 Bxa4 23. Rdd2 a5 24. a3 Rec8 25. c3 Bb5 26. Re3 Be8 27. g4
f6 28. Be6 Rb8 29. Rd5 b6 30. f4 Bf7 31. Bxf7 Kxf7 32. Red3 Rc5 33. Ke3 Rbc8
34. f5 g5 35. Kd2 a4 36. R3d4 b5 37. Kd3 Ke8 38. Rb4 Rxd5+ 39. exd5 Rc5 40. Kd4
Kd7 41. c4 Kc7 42. Rxb5 Rxb5 43. cxb5 Kb6 44. Kc4 Ka5 45. b6 Kxb6 46. Kb4 h6
47. Kxa4 Kc5 48. b4+ Kxd5 49. b5 e5 50. fxe6 Kxe6 51. b6 Kd7 52. Kb5 f5 53.
gxf5 h5 54. b7 Kc7 55. f6 g4 56. hxg4 hxg4 57. f7 1-0

[Event "C.to Mondiale U20 femminile"]
[Site "Pune IND"]
[Date "2014.10.15"]
[Round "9"]
[White "Gueci, Tea"]
[Black "Arabidze, Meri"]
[WhiteElo "2099"]
[BlackElo "2409"]
[Result "0-1"]
[PlyCount "120"]
[EventDate "2014.10.06"]

1. e4 c5 2. Nf3 d6 3. d4 cxd4 4. Nxd4 Nf6 5. Nc3 a6 6. Be3 e5 7. Nb3 Be6 8. f3
Nbd7 9. Qd2 b5 10. O-O-O Nb6 11. Kb1 Rc8 12. Bd3 Be7 13. Qf2 Nfd7 14. Ne2 O-O
15. g4 Nc4 16. Bc1 a5 17. Ng3 a4 18. Nd2 Nc5 19. Qe2 Nxd3 20. Qxd3 g6 21. Rhg1
Kh8 22. h4 b4 23. b3 axb3 24. cxb3 Na3+ 25. Bxa3 bxa3 26. h5 Bg5 27. Ne2 Qa5
28. h6 Rfd8 29. f4 exf4 30. Qd4+ Qe5 31. Nf3 Qxd4 32. Nexd4 Be7 33. g5 Kg8 34.
Rc1 d5 35. e5 Bc5 36. Rgf1 Bh3 37. Rfe1 Re8 38. Rcd1 Bg4 39. Rd3 Kf8 40. Nh4
Be7 41. Nhf3 Bc5 42. Nh4 Bb4 43. Rg1 Rxe5 44. Nc2 Rxc2 45. Kxc2 Be2 46. Rd4 Bc5
47. Nxg6+ fxg6 48. Rxf4+ Ke8 49. Rg3 d4 50. b4 d3+ 51. Kd2 Be7 52. Rc4 Kd7 53.
Rd4+ Ke6 54. b5 Rxb5 55. Re3+ Re5 56. Rde4 Rxe4 57. Rxe4+ Kd6 58. Ra4 Bxg5+ 59.
Ke1 Bxh6 60. Rxa3 Kc5 0-1

[Event "C.to Mondiale U20 femminile"]
[Site "Pune IND"]
[Date "2014.10.15"]
[Round "9"]
[White "Srija, Seshadri"]
[Black "Brunello, Marina"]
[WhiteElo "2099"]
[BlackElo "2275"]
[Result "1-0"]
[PlyCount "95"]
[EventDate "2014.10.06"]

1. e4 c5 2. Nf3 d6 3. d4 cxd4 4. Nxd4 Nf6 5. Nc3 a6 6. Be3 e5 7. Nb3 Be7 8. h3
Be6 9. f4 exf4 10. Bxf4 Nc6 11. Qe2 Nd7 12. O-O-O Nce5 13. Kb1 Rc8 14. g4 Rxc3
15. bxc3 Qc7 16. Qd2 Nc5 17. Qd4 Ncd7 18. g5 O-O 19. Be2 Rc8 20. h4 b5 21. h5
Nb6 22. Bc1 Na4 23. Bb2 Bxg5 24. Qxd6 Qxd6 25. Rxd6 Nc4 26. Bxc4 bxc4 27. Rxa6
Nxb2 28. Nd4 Bd2 29. Nc6 Kf8 30. Kxb2 Bg4 31. Rh2 Be3 32. Nb4 Re8 33. Rh4 Be6
34. a4 h6 35. Nd5 Bg5 36. Rh1 Bg4 37. a5 Bf3 38. Re1 Bd2 39. Rf1 Bxe4 40. Nc7
Rc8 41. Nb5 Rc5 42. Rb6 f5 43. a6 f4 44. a7 Be3 45. Ra1 Ba8 46. Nd4 Rc8 47. Rb8
Re8 48. Ne6+ 1-0

[Event "C.to Mondiale U20 femminile"]
[Site "Pune IND"]
[Date "2014.10.16"]
[Round "10"]
[White "Potluri, Supreetha"]
[Black "Gueci, Tea"]
[WhiteElo "1738"]
[BlackElo "2099"]
[Result "1-0"]
[PlyCount "69"]
[EventDate "2014.10.06"]

1. d4 Nf6 2. Nf3 c5 3. d5 b5 4. Bg5 Ne4 5. Bf4 Bb7 6. a4 Qa5+ 7. Nbd2 Bxd5 8.
axb5 Qb6 9. e3 d6 10. Bc4 Qb7 11. Bxd5 Qxd5 12. c4 Qb7 13. Nb3 Nf6 14. Na5 Qb6
15. Nd2 e6 16. Qf3 d5 17. g4 h6 18. h4 a6 19. g5 hxg5 20. hxg5 Rxh1+ 21. Qxh1
Nfd7 22. cxd5 axb5 23. dxe6 Rxa5 24. Rxa5 Qxa5 25. exd7+ Nxd7 26. Qe4+ Kd8 27.
Qc6 c4 28. Ke2 Qb6 29. Qa8+ Ke7 30. Ne4 Ke6 31. Qe8+ Be7 32. g6 fxg6 33. Ng5+
Kf5 34. Qxd7+ Kf6 35. Qd5 1-0